00768nam a2200217 4500001000700000003000900007005001700016007000300033008004100036080002100077080002900098100004400127245006300171250001500234260005500249300003900304600004400343852002200387999001900409952012200428106983ES-MaACL20231223063056.0t|061121s1976 mx af |||| |aspa d a821.134.2-94"19" a929 Moreno Villa, José1 aMoreno Villa, José,d1887-195598344310aVida en claro b: autobiografía / cJosé Moreno Villa. a1ª reimp. aMéxico : bFondo de Cultura Económica, c1976. a258 p., 12 h. de lám. ; c21 cm.14aMoreno Villa, José,d1887-1955983443 aES-MaACLjL-10659 c106983d106983 00104070aATENEOMbATENEOMcDEPO2d2008-01-17eSCl0oL-10659p1111665r2023-02-23 00:00:00w2023-02-23yMONOGRAFIA